| 000 | 00565nam a22002297a 4500 | ||
|---|---|---|---|
| 005 | 20170124110113.0 | ||
| 010 | _aA-000033 | ||
| 020 | _c00.00 | ||
| 035 | _aA-000033 | ||
| 037 | _bCen Lib/Ret | ||
| 040 |
_aDPL _bEN |
||
| 082 |
_aN _bFIE |
||
| 100 |
_aField, Rachel _929388 |
||
| 245 |
_aAll this and heaven / _cby Rachela Field |
||
| 260 |
_aNew York _bMacmillan company _c1938 |
||
| 270 | _bNew York | ||
| 300 |
_a596p. _c21cm(Hb) |
||
| 650 |
_aEnglish literature _929389 |
||
| 650 |
_aNovel _922513 |
||
| 700 | _929201 | ||
| 942 |
_2ddc _cEN _hN _mFIE |
||
| 999 |
_c130512 _d130512 |
||